000
00325pab a2200145 454500
008
180718b1984 xxu||||| |||| 00| 0 eng d
100
_a
Berger, Peter L.
245
_a
Democracy in today's world
260
_c
1984
300
_a
41-7
362
_a
Summer
650
_a
Democracy
773
_a
American Review
909
_a
7156
999
_c
7156
_d
7156